000 00243nam a2200097Ia 4500
001 816149
005 20250826171710.0
008 250824s9999 xx 000 0 und d
245 0 _aAYET AYET HAYAT
_cYAVUZ BAHADIROĞLU
260 _bPANAMA YAYINLARI
999 _c816149
_d816149